000 00360nam a2200145Ia 4500
008 230917s9999||||xx |||||||||||||| ||und||
040 _e107899
_aMAIN
041 _aEnglish
082 _a658.4 I2C
100 _aICFAI
245 0 _aCorporate governance in emerging market V. i & ii
260 _aHyderabad
_bICFAI
_c2003
300 _a169 P p.
942 _cBK
999 _c122874
_d122874